<?xml version="1.0" encoding="UTF-8"?><?xml-stylesheet type="text/xsl" href="static/style.xsl"?><OAI-PMH xmlns="http://www.openarchives.org/OAI/2.0/" xmlns:xsi="http://www.w3.org/2001/XMLSchema-instance" xsi:schemaLocation="http://www.openarchives.org/OAI/2.0/ http://www.openarchives.org/OAI/2.0/OAI-PMH.xsd"><responseDate>2026-06-07T08:12:05Z</responseDate><request verb="GetRecord" identifier="oai:riuma.uma.es:10630/30499" metadataPrefix="marc">https://riuma.uma.es/rest/oai/request</request><GetRecord><record><header><identifier>oai:riuma.uma.es:10630/30499</identifier><datestamp>2026-02-03T11:55:54Z</datestamp><setSpec>com_10630_2254</setSpec><setSpec>col_10630_37959</setSpec></header><metadata><record xmlns="http://www.loc.gov/MARC21/slim" xmlns:dcterms="http://purl.org/dc/terms/" xmlns:doc="http://www.lyncode.com/xoai" xmlns:xsi="http://www.w3.org/2001/XMLSchema-instance" xsi:schemaLocation="http://www.loc.gov/MARC21/slim http://www.loc.gov/standards/marcxml/schema/MARC21slim.xsd">
   <leader>00925njm 22002777a 4500</leader>
   <datafield ind2=" " ind1=" " tag="042">
      <subfield code="a">dc</subfield>
   </datafield>
   <datafield ind2=" " ind1=" " tag="720">
      <subfield code="a">Crespo Guerrero, José Manuel</subfield>
      <subfield code="e">author</subfield>
   </datafield>
   <datafield ind2=" " ind1=" " tag="720">
      <subfield code="a">Moya García, Egidio</subfield>
      <subfield code="e">author</subfield>
   </datafield>
   <datafield ind2=" " ind1=" " tag="260">
      <subfield code="c">2012</subfield>
   </datafield>
   <datafield ind2=" " ind1=" " tag="520">
      <subfield code="a">Actualmente, la configuración de un eficaz sistema de movilidad urbana es uno los elementos básicos para alcanzar el compromiso con la sostenibilidad. En este trabajo nos centramos en analizar como varias ciudades han conseguido dotar a los transportes colectivos del valor añadido de la cultura. Su acción se expresa en tres niveles: diversificación del espacio público como soporte museístico o escenográfico, vertebrador del mapa cultural y valorización artística del medio de transporte.</subfield>
   </datafield>
   <datafield ind1="8" ind2=" " tag="024">
      <subfield code="a">Crespo Guerrero, J. M., y Moya García, E. (2012). Los transportes colectivos como dinamizadores culturales. Miramontes, A.; Royé, D.; Villa, J. (coord.) Actas del XI Coloquio y Jornadas de Campo de Geografía Urbana (AGE): “Las ciudades y el transporte urbano, reflexiones en tiempos de crisis”. Ed. Meubook, pp. 307-319.</subfield>
   </datafield>
   <datafield ind1="8" ind2=" " tag="024">
      <subfield code="a">978-84-940799-3-1</subfield>
   </datafield>
   <datafield ind1="8" ind2=" " tag="024">
      <subfield code="a">https://hdl.handle.net/10630/30499</subfield>
   </datafield>
   <datafield tag="653" ind2=" " ind1=" ">
      <subfield code="a">Transporte - Aspectos sociales</subfield>
   </datafield>
   <datafield ind2="0" ind1="0" tag="245">
      <subfield code="a">Los transportes colectivos como dinamizadores culturales.</subfield>
   </datafield>
</record>
</metadata></record></GetRecord></OAI-PMH>